La planificacion urbanistica en la evolucion de montevideo /

Guardado en:
Autor Principal: Ricaldoni, Americo
Formato: Libro
Publicado: Montevideo : Fac. Humanidades Y Ciencias. Univ. De La Republica, 1967
Series:Historia De La Cultura, 25tomado de: Instituto de Urbanismo, nro. 8, Montevideo, 1942-43.-
Materias:
Etiquetas: Agregar Etiqueta
Sin Etiquetas, Sea el primero en etiquetar este registro!
LEADER 00678nam a22001815a 4500
001 EHU.bham024682
003 AR-BHAM
005 20130507154245.0
008 130507s1967##################000#0#####d
082 9 0 |a 900 
100 1 |a Ricaldoni, Americo 
245 1 0 |a La planificacion urbanistica en la evolucion de montevideo /  |c Americo Ricaldoni 
260 |a Montevideo :  |b Fac. Humanidades Y Ciencias. Univ. De La Republica,  |c 1967 
300 |a 59 p. 
490 0 |a Historia De La Cultura, 25tomado de: Instituto de Urbanismo, nro. 8, Montevideo, 1942-43.- 
653 |a Historia 
653 |a Urbanismo-planificacion 
859 |a AR-BHAM  |b BIB. HUMANIDADES - General  |h 900  |i H629-3  |p 9948.68  |t Ej.1  |v XXV  |3 XXV